Family income and expenditure in Chicago, 1935-36. (Record no. 36287)

MARC details
000 -LEADER
fixed length control field 01426cam a22003131 4500
001 - CONTROL NUMBER
control field l 39000034
003 - CONTROL NUMBER IDENTIFIER
control field DLC
005 - DATE AND TIME OF LATEST TRANSACTION
control field 20260227111536.0
008 - FIXED-LENGTH DATA ELEMENTS--GENERAL INFORMATION
fixed length control field 800620s1939 dcua f000 0 eng c
010 ## - LIBRARY OF CONGRESS CONTROL NUMBER
LC control number l 39000034
035 ## - SYSTEM CONTROL NUMBER
System control number (OCoLC)6445330
040 ## - CATALOGING SOURCE
Original cataloging agency U.S. Dept. of Labor. Libr.
Transcribing agency WMUW
Modifying agency WMUW
-- OCoLC
-- DLC
050 00 - LIBRARY OF CONGRESS CALL NUMBER
Classification number HD8051
Item number .A62 no. 642
082 ## - DEWEY DECIMAL CLASSIFICATION NUMBER
Classification number 331.06173
110 1# - MAIN ENTRY--CORPORATE NAME
Corporate name or jurisdiction name as entry element United States.
Subordinate unit Bureau of Labor Statistics.
245 10 - TITLE STATEMENT
Title Family income and expenditure in Chicago, 1935-36.
Statement of responsibility, etc. Prepared by A. D. H. Kaplan and Faith M. Williams assisted by Erika H. Wulff.
260 ## - PUBLICATION, DISTRIBUTION, ETC.
Place of publication, distribution, etc. Washington,
Name of publisher, distributor, etc. U.S. Govt. Print. Off.,
Date of publication, distribution, etc. 1939.
300 ## - PHYSICAL DESCRIPTION
Extent 2 v.
Other physical details tables, diagrs.
Dimensions 23 cm.
490 0# - SERIES STATEMENT
Series statement U. S. Bureau of Labor Statistics. Bulletin
Volume/sequential designation no. 642
500 ## - GENERAL NOTE
General note At head of title: United States Department of Labor. Frances Perkins, Secretary. Bureau of Labor Statistics. Isador Lubin, Commissioner. In cooperation with Works Progress Administration.
500 ## - GENERAL NOTE
General note Study of consumer purchases: urban series [no. 1]
505 0# - FORMATTED CONTENTS NOTE
Formatted contents note v. 1. Family income.--v. 2. Family expenditure.
650 #0 - SUBJECT ADDED ENTRY--TOPICAL TERM
Topical term or geographic name entry element Income
Geographic subdivision Illinois
-- Chicago.
650 #0 - SUBJECT ADDED ENTRY--TOPICAL TERM
Topical term or geographic name entry element Cost and standard of living
Geographic subdivision Illinois
-- Chicago.
700 1# - ADDED ENTRY--PERSONAL NAME
Personal name Kaplan, A. D. H.
Fuller form of name (Abraham David Hannath),
Dates associated with a name 1893-
700 1# - ADDED ENTRY--PERSONAL NAME
Personal name Williams, Faith M.
Fuller form of name (Faith Moors),
Dates associated with a name 1893-
700 1# - ADDED ENTRY--PERSONAL NAME
Personal name Wulff, Mrs. Erika Hartmann.
710 1# - ADDED ENTRY--CORPORATE NAME
Corporate name or jurisdiction name as entry element United States.
Subordinate unit Work Projects Administration.

No items available.

Powered by Koha